| 000 | 00000nam 2200000zi 4500 |
| 001 | 9.945776 |
| 003 | CaOODSP |
| 005 | 20250730110045 |
| 006 | m o d f |
| 007 | cr |n||||||||| |
| 008 | 241129e20241128onc ob f|0| 0 fre d |
| 040 | |aCaOODSP|bfre|erda|cCaOODSP |
| 043 | |an-cn--- |
| 086 | 1 |aH113-9/2024-8F-PDF |
| 245 | 00|aCuivre (présent sous forme d’oxyde cuivrique) et particules antimicrobiennes Corning Guardiant. |
| 264 | 1|aOttawa (Ontario) : |bAgence de réglementation de la lutte antiparasitaire, Santé Canada, |cle 28 novembre 2024. |
| 264 | 4|c©2024 |
| 300 | |a1 ressource en ligne (22 pages). |
| 336 | |atexte|btxt|2rdacontent/fre |
| 337 | |ainformatique|bc|2rdamedia/fre |
| 338 | |aressource en ligne|bcr|2rdacarrier/fre |
| 490 | 1 |aProjet de décision d'homologation, |x1925-0908 ; |vPRD2024-08 |
| 500 | |aPublié aussi en anglais sous le titre : Copper (present as cupric oxide) and Corning Guardiant Antimicrobial Particles. |
| 504 | |aComprend des références bibliographiques. |
| 650 | 6|aPesticides microbiens|xCertification|zCanada. |
| 650 | 6|aPesticides microbiens|xAspect de l'environnement. |
| 650 | 6|aPesticides microbiens|xToxicologie. |
| 710 | 1 |aCanada. |bAgence de réglementation de la lutte antiparasitaire, |eorganisme de publication. |
| 775 | 08|tCopper (present as cupric oxide) and Corning Guardiant Antimicrobial Particles.|w(CaOODSP)9.945775 |
| 830 | #0|aProjet de décision d'homologation ;|vPRD2024-08.|w(CaOODSP)9.500882 |
| 856 | 40|qPDF|s322 Ko|uhttps://publications.gc.ca/collections/collection_2024/sc-hc/h113-9/H113-9-2024-8-fra.pdf |
| 856 | 4 |qHTML|sS.O.|uhttps://www.canada.ca/fr/sante-canada/services/securite-produits-consommation/pesticides-lutte-antiparasitaire/public/consultations/projets-decision-homologation/2024/cuivre-present-forme-oxyde-cuivrique-particules-antimicrobiennes-corning-guardiant/document.html |